| 000 | 00619nam a2200229 a 4500 | ||
|---|---|---|---|
| 001 | BRCA_6874 | ||
| 005 | 20190320205626.0 | ||
| 008 | 111111s1920----u--#######---#000-0#eng-# | ||
| 041 | _aeng | ||
| 044 | _au | ||
| 050 | 4 |
_aG463 _b.K56 1920 |
|
| 100 | 1 |
_aKipling, Rudyard _917124 |
|
| 245 | 1 | 0 |
_aLetters of travel, 1892-1913 _cby Rudyard Kipling |
| 260 |
_aGarden City, Nueva York _bDoubleday, Page & Co. _c1920 |
||
| 300 |
_a302 p. _c21 cm. |
||
| 500 | _aO65 | ||
| 650 | 1 | 4 |
_aViajes y travesÃas _94701 |
| 650 | 1 | 4 |
_aLiteratura inglesa _917125 |
| 650 | 1 | 4 |
_aViajeros ingleses _97018 |
| 902 | _aGFM | ||
| 942 |
_2lcc _cB |
||
| 999 |
_c6556 _d6556 |
||